[Event "ch-USA w Final"]
[Site "San Diego USA"]
[Date "2006.03.12"]
[Round "1"]
[White "Goletiani,R"]
[Black "Zatonskih,A"]
[Result "0-1"]
[WhiteElo "2378"]
[BlackElo "2433"]
[EventDate "2006.03.12"]

1. Nf3 Nf6 2. c4 c6 3. g3 d5 4. cxd5 cxd5 5. Bg2 Nc6 6. O-O e5 7. d4 e4 8.
Ne5 Be7 9. Nc3 h6 10. f3 exf3 11. exf3 O-O 12. Be3 Na5 13. Qa4 a6 14. Rad1
b5 15. Qc2 Bb7 16. Qf2 Rc8 17. Bh3 Rc7 18. Rc1 Bd6 19. Bf5 Re8 20. Rfd1
Rce7 21. f4 Rc7 22. Bb1 Bc8 23. Ne2 Ng4 24. Qf3 Nc4 25. Bd2 Nf6 26. Be1
Nxb2 27. Ba5 Rxc1 28. Bxd8 Rxd1+ 29. Kg2 Rxd8 30. Bc2 Rd2 31. Bb3 Bxe5 32.
fxe5 Bg4 33. Qc3 Rxe2+ 34. Kg1 Rc8 0-1

[Event "ch-USA w Final"]
[Site "San Diego USA"]
[Date "2006.03.12"]
[Round "2"]
[White "Zatonskih,A"]
[Black "Goletiani,R"]
[Result "1/2-1/2"]
[WhiteElo "2433"]
[BlackElo "2378"]
[EventDate "2006.03.12"]

1. e4 c5 2. c3 Nf6 3. e5 Nd5 4. Nf3 Nc6 5. d4 cxd4 6. cxd4 d6 7. Bc4 e6 8.
O-O Be7 9. Qe2 a6 10. exd6 Qxd6 11. Nc3 Nf6 12. Rd1 b5 13. Bb3 Na5 14. Bc2
Bb7 15. Bg5 O-O 16. Rac1 Rac8 17. Ne5 b4 18. Na4 Bd5 19. Bxf6 Bxf6 20.
Bxh7+ Kxh7 21. Rxc8 Rxc8 22. Qh5+ Kg8 23. Qxf7+ Kh7 24. Qh5+ 1/2-1/2